LEADER 03456nas 2201141-a 450 001 9910805800403321 005 20231213213019.0 011 $a1564-8265 035 $a(DE-599)ZDB2075729-3 035 $a(OCoLC)60637820 035 $a(CKB)110978977980156 035 $a(CONSER)--2006267528 035 $a(EXLCZ)99110978977980156 100 $a20050615a19789999 sf- a 101 0 $aeng 135 $aurmn||||||||| 181 $ctxt$2rdacontent 182 $cc$2rdamedia 183 $acr$2rdacarrier 200 10$aFood and nutrition bulletin 210 $a[Tokyo] $cUnited Nations University 210 3 $a[London] $cSage Publications 215 $a1 online resource 300 $aRefereed/Peer-reviewed 300 $aTitle from caption (publisher's Web site, viewed Feb. 13, 2006). 311 $a0379-5721 531 $aFOOD NUTR BULL 531 $aFOOD NUTR. BULL 606 $aFood$vPeriodicals 606 $aNutrition$vPeriodicals 606 $aAgriculture 606 $aDietary Proteins 606 $aFood Supply 606 $aNutrition Physiology 606 $aAgriculture$vPériodiques 606 $aRégimes pauvres en protéines$vPériodiques 606 $aAliments$xApprovisionnement$vPériodiques 606 $aAlimentation$vPériodiques 606 $aAliments$vPériodiques 606 $aNutrition$vPériodiques 606 $aAgriculture 606 $aAliments$xApprovisionnement 606 $aNutrition 606 $afarming (activity or system)$2aat 606 $aworld$2ascl$3(NL-LeOCL)294944699 606 $afood policy$2ascl$3(NL-LeOCL)294912118 606 $afood$2ascl$3(NL-LeOCL)294912002 606 $a44.21 nutrition$3(NL-LeOCL)077596293$2bcl 606 $aAgriculture$2eclas 606 $aAliments$2eclas 606 $aNutrition$2eclas 606 $aPublications périodiques$2eclas 606 $aFood$2fast$3(OCoLC)fst00930458 606 $aNutrition$2fast$3(OCoLC)fst01042187 606 $aVoeding$2gtt 606 $aLevensmiddelen$2gtt 608 $aFulltext. 608 $aInternet Resources. 608 $aPeriodicals. 608 $aPeriodicals.$2fast 608 $aPeriodicals.$2lcgft 608 $aPeriodicals.$2lcgft 615 0$aFood 615 0$aNutrition 615 2$aAgriculture. 615 2$aDietary Proteins. 615 2$aFood Supply. 615 2$aNutrition Physiology. 615 6$aAgriculture 615 6$aRégimes pauvres en protéines 615 6$aAliments$xApprovisionnement 615 6$aAlimentation 615 6$aAliments 615 6$aNutrition 615 6$aAgriculture. 615 6$aAliments$xApprovisionnement. 615 6$aNutrition. 615 7$afarming (activity or system) 615 7$aworld. 615 7$afood policy. 615 7$afood. 615 7$a44.21 nutrition. 615 7$aAgriculture. 615 7$aAliments. 615 7$aNutrition. 615 7$aPublications périodiques. 615 7$aFood. 615 7$aNutrition. 615 17$aVoeding. 615 17$aLevensmiddelen. 676 $a641.3/05 712 02$aUnited Nations University, 712 02$aUnited Nations University.$bWorld Hunger Programme, 712 02$aUnited Nations.$bAdministrative Committee on Co-ordination.$bSub-committee on Nutrition, 906 $aJOURNAL 912 $a9910805800403321 996 $aFood and nutrition bulletin$92193923 997 $aUNINA LEADER 04763oam 22006974a 450 001 9910291731103321 005 20260304110035.0 010 $a1-003-70840-4 010 $a1-04-079079-8 010 $a1-04-079669-9 010 $a90-485-3925-0 024 7 $a10.1515/9789048539253 035 $a(CKB)4100000006996079 035 $a(MiAaPQ)EBC5530910 035 $a(OCoLC)1178720973 035 $a(MdBmJHUP)muse76762 035 $a(DE-B1597)513264 035 $a(OCoLC)1055513855 035 $a(DE-B1597)9789048539253 035 $a(oapen)https://directory.doabooks.org/handle/20.500.12854/35479 035 $a(ScCtBLL)48b17f8e-5a96-4fd2-b05f-db4cc3ad73d4 035 $a(Perlego)1458996 035 $a(oapen)doab35479 035 $a(ScCtBLL)0beb1815-233a-4f5d-be8e-bbb8fe997754 035 $a(ODN)ODN0012397387 035 $a(EXLCZ)994100000006996079 100 $a20200724e20202018 uy 0 101 0 $aeng 135 $aurcnu|||||||| 181 $ctxt$2rdacontent 182 $cc$2rdamedia 183 $acr$2rdacarrier 200 00$aTowards a Decent Labour Market for Low-Waged Migrant Workers$fedited by Conny Rijken and Tesseltje de Lange 205 $a1st ed. 210 $cAmsterdam University Press$d2018 210 1$aBaltimore, Maryland :$cProject Muse,$d2020 210 4$d©2020 215 $a1 online resource (283 pages) 311 08$a1-04-118965-6 311 08$a94-6298-755-6 320 $aIncludes bibliographical references. 327 $aTowards a decent labour market for low-waged migrant workers : an introduction / Tesseltje de Lange and Conny Rijken -- The challenge of migration : politics as labour and labour as politics / Bert van Roermund -- How 'low-skilled' migrant workers are made : border-drawing in migration policy / Regine Paul -- From competing to aligned narratives on posted and other mobile workers within the EU? / Mijke Houwerzijl and Annette Schrauwen -- Labour arbitrage on European labour markets : free movement and the role of intermediaries / Jan Cremers and Ronald Dekker -- The seasonal workers directive : another vicious circle? / Margarite Helena Zoeteweij -- Towards protection of vulnerable labour migrants in Sweden : the case of the Thai berry pickers / Petra Herzfeld Olsson -- Asylum seekers' limited right to work in the Netherlands / Tesseltje de Lange -- When bad labour conditions become exploitation : lessons learnt from the Chowdury case / Conny Rijken -- Employer sanctions : instrument of labour market regulation, migration control, and worker protection? / Lisa Berntsen and Tesseltje de Lange -- Bottom-up approaches to the regularisation of undocumented migrants : the Swiss case / Lucia Della Torre -- When nationalism meets soft skills : towards a comprehensive framework for explaining ethno-migrant inequality in the Dutch labour market / Hans Siebers -- Collective agreements and equal opportunities for women and disadvantaged groups / Johan Graafland. 330 $aCentral to this edited volume is the legal position and the labour situation of non-EU and EU low-waged migrant workers. Towards a Decent Labour Market for Low-Waged Migrant Workers presents ground breaking research on policies and practices in search of striking a right balance between the economic ambitions and the negative consequences thereof, for labour market dynamics such as down-ward wage pressures, unfair competition, the abuse of migrant workers and even the long-term setback for the children of previously low-waged migrant workers. Imbalances or presumed imbalances between free market mechanisms, labour migration policies, labour market protection and corrective mechanisms to protect migrant workers, thus come to the fore. The contributors to this volume will deconstruct some of these imbalances, and shed light on its causes, consequences and interrelatedness with other factors. Possible solutions that contribute to a decent labour market, in which rights of low-waged migrant workers are more respected, will be discussed. 606 $aLabor market$zEuropean Union countries 606 $aMigrant labor$zEuropean Union countries 606 $aForeign workers$zEuropean Union countries 608 $aElectronic books. 615 0$aLabor market 615 0$aMigrant labor 615 0$aForeign workers 676 $a331.5/44094 686 $aPOL013000$aSOC007000$2bisacsh 700 $aRijken$b Conny, $4aut$4http://id.loc.gov/vocabulary/relators/aut$01223434 702 $aLange$b Tesseltje de 702 $aRijken$b Conny 801 0$bMdBmJHUP 801 1$bMdBmJHUP 906 $aBOOK 912 $a9910291731103321 996 $aTowards a Decent Labour Market for Low-Waged Migrant Workers$92838043 997 $aUNINA